[Event "25th North American Open"]
[Site "Las Vegas"]
[Date "2015.12.27"]
[Round "3"]
[White "Liang, Awonder"]
[Black "Rowe, Duane"]
[Result "1-0"]
[WhiteElo "2383"]
[BlackElo "2196"]
[PlyCount "55"]
[EventDate "2015.12.??"]
[EventType "swiss"]
[EventRounds "9"]
[EventCountry "USA"]
[Source "MonRoi"]

1. c4 e5 2. g3 Nf6 3. Bg2 d5 4. cxd5 Nxd5 5. Nf3 Nc6 6. O-O Nb6 7. b3 g6 8. Nc3
Bg7 9. Ba3 Bf5 10. Rc1 Qd7 11. Ng5 O-O-O 12. Nge4 Bh3 13. Nc5 Qf5 14. Be4 Qh5
15. Nb5 Rd5 16. e3 Bxf1 17. Qxf1 Rhd8 18. Nc3 Rxc5 19. Bxc5 Rxd2 20. Qg2 Nd8
21. Bf3 Qf5 22. Ne4 Rd7 23. Ba3 Nc6 24. g4 Qe6 25. Nc5 Qe7 26. Bxc6 bxc6 27.
Qxc6 Rd6 28. Qb7+ 1-0

[Event "25th North American Open"]
[Site "Las Vegas"]
[Date "2015.12.27"]
[Round "3"]
[White "Markzon, Gregory"]
[Black "Banawa, Joel"]
[Result "1-0"]
[WhiteElo "2198"]
[BlackElo "2380"]
[PlyCount "65"]
[EventDate "2015.12.??"]
[EventType "swiss"]
[EventRounds "9"]
[EventCountry "USA"]
[Source "MonRoi"]

1. d4 Nf6 2. c4 e6 3. Nc3 Bb4 4. e3 O-O 5. a3 Bxc3+ 6. bxc3 c5 7. Bd3 Nc6 8.
Ne2 b6 9. e4 Ne8 10. Ng3 Ba6 11. Be3 Na5 12. O-O cxd4 13. cxd4 Bxc4 14. f4 d5
15. f5 dxe4 16. Nxe4 exf5 17. Rxf5 Nd6 18. Nxd6 Qxd6 19. Bc2 Rad8 20. Rf4 Rfe8
21. Qf3 g6 22. h3 Bd5 23. Qf2 Nc4 24. Rf6 Be6 25. Ba4 Nxe3 26. Bxe8 Nf5 27.
Bxf7+ Bxf7 28. Rxd6 Rxd6 29. Rd1 Bb3 30. Rc1 h5 31. g4 Nxd4 32. Rc8+ Kh7 33.
Qf8 1-0

[Event "25th North American Open"]
[Site "Las Vegas"]
[Date "2015.12.27"]
[Round "3"]
[White "Feng, Roland"]
[Black "Inapuri, Ramya"]
[Result "1/2-1/2"]
[WhiteElo "2327"]
[BlackElo "2131"]
[PlyCount "36"]
[EventDate "2015.12.??"]
[EventType "swiss"]
[EventRounds "9"]
[EventCountry "USA"]
[Source "MonRoi"]

1. d4 d5 2. c4 e6 3. Nc3 Be7 4. Bf4 Nf6 5. e3 O-O 6. cxd5 Nxd5 7. Bg3 c5 8. Nf3
Nc6 9. Bd3 cxd4 10. exd4 Qb6 11. Qe2 Bf6 12. Ne4 Bxd4 13. Nxd4 Nxd4 14. Qd2 Nf5
15. Nc3 Nxc3 16. Qxc3 Bd7 17. Bxf5 exf5 18. O-O Rac8 1/2-1/2

[Event "25th North American Open"]
[Site "Las Vegas"]
[Date "2015.12.27"]
[Round "3"]
[White "Haessel, Dale"]
[Black "Yim, Sung"]
[Result "1-0"]
[WhiteElo "2262"]
[BlackElo "2063"]
[PlyCount "73"]
[EventDate "2015.12.??"]
[EventType "swiss"]
[EventRounds "9"]
[EventCountry "USA"]
[Source "MonRoi"]

1. d4 Nf6 2. c4 e6 3. Nf3 Bb4+ 4. Nbd2 O-O 5. g3 d5 6. Qc2 c5 7. Bg2 cxd4 8.
Nxd4 e5 9. Nb5 d4 10. O-O a6 11. Na3 Qe7 12. Nab1 a5 13. Ne4 Nxe4 14. Bxe4 f5
15. Bd5+ Be6 16. e4 Bxd5 17. cxd5 Nd7 18. exf5 e4 19. d6 Qe5 20. Bf4 Qd5 21.
Nd2 Nc5 22. Nc4 Nd3 23. Nb6 Qxf5 24. Nxa8 Nxf4 25. Qb3+ Kh8 26. gxf4 d3 27. f3
e3 28. Nc7 e2 29. Ne6 Rf6 30. d7 Rg6+ 31. Kh1 Be7 32. d8=Q+ Bxd8 33. Nxd8 h6
34. Nf7+ Kh7 35. Ne5 Qh3 36. Rg1 Rxg1+ 37. Rxg1 1-0

[Event "25th North American Open"]
[Site "Las Vegas"]
[Date "2015.12.27"]
[Round "4"]
[White "Li, Ruifeng"]
[Black "Dreev, Alexey"]
[Result "1/2-1/2"]
[WhiteElo "2460"]
[BlackElo "2644"]
[PlyCount "69"]
[EventDate "2015.12.??"]
[EventType "swiss"]
[EventRounds "9"]
[EventCountry "USA"]
[Source "MonRoi"]

1. e4 c6 2. Nc3 d5 3. Nf3 Bg4 4. h3 Bxf3 5. Qxf3 e6 6. d4 dxe4 7. Qxe4 Nf6 8.
Qd3 Nbd7 9. g3 Bb4 10. a3 Bd6 11. Bg2 O-O 12. O-O Qc7 13. b3 Rad8 14. Bb2 e5
15. dxe5 Bxe5 16. Rad1 Rfe8 17. Qf3 Ne4 18. Rfe1 Nxc3 19. Bxc3 Bxc3 20. Qxc3
Rxe1+ 21. Rxe1 Nf6 22. b4 Qd6 23. Bf3 h6 24. Rd1 Qe7 25. Re1 Qd6 26. Rd1 Qe7
27. Rxd8+ Qxd8 28. Qc5 a6 29. Qa7 Qc8 30. h4 g6 31. c4 h5 32. a4 Ng4 33. Qd4
Qe6 34. Bxg4 hxg4 35. c5 1/2-1/2

[Event "25th North American Open"]
[Site "Las Vegas"]
[Date "2015.12.27"]
[Round "4"]
[White "Akobian, Varuzhan"]
[Black "Tang, Andrew"]
[Result "0-1"]
[WhiteElo "2618"]
[BlackElo "2416"]
[PlyCount "82"]
[EventDate "2015.12.??"]
[EventType "swiss"]
[EventRounds "9"]
[EventCountry "USA"]
[Source "MonRoi"]

1. d4 d5 2. c4 e6 3. Nc3 Be7 4. Bf4 Nf6 5. e3 O-O 6. Nf3 Nbd7 7. c5 Ne4 8. Rc1
Nxc3 9. Rxc3 b6 10. c6 Nf6 11. a3 Ne4 12. Rc2 a5 13. Bd3 Ba6 14. Ne5 Bd6 15.
Bxa6 Rxa6 16. Qd3 Ra8 17. O-O Bxe5 18. Bxe5 f6 19. Bf4 Qe7 20. f3 Nd6 21. e4
dxe4 22. fxe4 Rad8 23. d5 e5 24. Bd2 f5 25. exf5 e4 26. Qb3 a4 27. Qh3 Qe5 28.
g4 Qxd5 29. Bg5 Rde8 30. Qc3 e3 31. Bxe3 Nb5 32. Qd2 Qe4 33. Bf2 Qxg4+ 34. Bg3
Nd4 35. Rf4 Ne2+ 36. Kg2 Nxf4+ 37. Qxf4 Re2+ 38. Rxe2 Qxe2+ 39. Bf2 Rf7 40.
Qxa4 Rxf5 41. Qh4 h6 0-1

[Event "25th North American Open"]
[Site "Las Vegas"]
[Date "2015.12.27"]
[Round "4"]
[White "Wheeler, Cameron"]
[Black "Zhou, Jianchao"]
[Result "1/2-1/2"]
[WhiteElo "2369"]
[BlackElo "2606"]
[PlyCount "89"]
[EventDate "2015.12.??"]
[EventType "swiss"]
[EventRounds "9"]
[EventCountry "USA"]
[Source "MonRoi"]

1. d4 Nf6 2. c4 e6 3. Nf3 Bb4+ 4. Bd2 Bxd2+ 5. Qxd2 O-O 6. Nc3 d5 7. g3 Nbd7 8.
Qd3 dxc4 9. Qxc4 a6 10. Bg2 b5 11. Qb4 Bb7 12. a4 c6 13. Qd6 Qb8 14. Qxb8 Rfxb8
15. axb5 axb5 16. O-O b4 17. Na4 Ba6 18. Rfe1 Bb5 19. Nc5 Rxa1 20. Rxa1 Bxe2
21. Ne5 Nxe5 22. dxe5 Nd5 23. Bf1 Bxf1 24. Kxf1 g5 25. Ra6 Ne7 26. Ne4 h6 27.
Ke2 Ng6 28. Nf6+ Kg7 29. Nh5+ Kf8 30. f4 gxf4 31. gxf4 Ne7 32. Kd3 b3 33. Kd4
Nf5+ 34. Kc5 Ne7 35. Ra1 Rd8 36. Kc4 Nd5 37. Kxb3 Rb8+ 38. Kc2 c5 39. Ra5 Rc8
40. Kd3 Rb8 41. Kc2 Ne3+ 42. Kc3 Nd5+ 43. Kc2 Ne3+ 44. Kc3 Nd5+ 45. Kc2 1/2-1/2

[Event "25th North American Open"]
[Site "Las Vegas"]
[Date "2015.12.27"]
[Round "4"]
[White "Tarjan, James"]
[Black "Vibbert, Sean"]
[Result "1/2-1/2"]
[WhiteElo "2478"]
[BlackElo "2313"]
[PlyCount "100"]
[EventDate "2015.12.??"]
[EventType "swiss"]
[EventRounds "9"]
[EventCountry "USA"]
[Source "MonRoi"]

1. c4 Nf6 2. g3 c5 3. Bg2 g6 4. Nc3 Bg7 5. e4 Nc6 6. Nge2 O-O 7. d3 a6 8. O-O
Rb8 9. a4 d6 10. h3 Ne8 11. Be3 Nd4 12. Rb1 Nc7 13. b4 Nce6 14. f4 cxb4 15.
Rxb4 Nxe2+ 16. Nxe2 Qa5 17. Qd2 Nc5 18. d4 Nxa4 19. Ra1 Bd7 20. Rbxa4 Qxd2 21.
Bxd2 Bxa4 22. Rxa4 Rfc8 23. Kf2 b5 24. cxb5 axb5 25. Ra2 Rc4 26. e5 Ra4 27. Rb2
b4 28. Bd5 e6 29. Bb3 Ra6 30. Nc1 d5 31. Nd3 Bf8 32. Rb1 Rc8 33. Ke2 Be7 34.
Kd1 Rca8 35. Kc2 Ra1 36. Kb2 Rxb1+ 37. Kxb1 Rc8 38. Kb2 Rb8 39. Nc5 h5 40. Ba4
Bd8 41. Kb3 Ba5 42. Bc6 Kg7 43. Ba4 Kg8 44. Be3 Kg7 45. Bf2 Bd8 46. Na6 Rb6 47.
Nc5 Rb8 48. Bc6 Rc8 49. Bb5 Ra8 50. Ba4 Rb8 1/2-1/2

[Event "25th North American Open"]
[Site "Las Vegas"]
[Date "2015.12.27"]
[Round "4"]
[White "Bartholomew, John"]
[Black "Bodek, Michael"]
[Result "1/2-1/2"]
[WhiteElo "2443"]
[BlackElo "2410"]
[PlyCount "34"]
[EventDate "2015.12.??"]
[EventType "swiss"]
[EventRounds "9"]
[EventCountry "USA"]
[Source "MonRoi"]

1. d4 Nf6 2. c4 e6 3. Nc3 Bb4 4. Qc2 d5 5. cxd5 exd5 6. Bg5 h6 7. Bxf6 Qxf6 8.
a3 Bxc3+ 9. Qxc3 O-O 10. e3 c6 11. Nf3 Re8 12. Bd3 Bf5 13. O-O Nd7 14. Rfc1
Bxd3 15. Qxd3 Nb6 16. a4 Nc4 17. b3 Nd6 1/2-1/2

[Event "25th North American Open"]
[Site "Las Vegas"]
[Date "2015.12.27"]
[Round "4"]
[White "Viswanadha, Kesav"]
[Black "Shmelov, Denys"]
[Result "1/2-1/2"]
[WhiteElo "2366"]
[BlackElo "2420"]
[PlyCount "45"]
[EventDate "2015.12.??"]
[EventType "swiss"]
[EventRounds "9"]
[EventCountry "USA"]
[Source "MonRoi"]

1. e4 c6 2. d4 d5 3. e5 Bf5 4. Nf3 e6 5. Be2 Nd7 6. O-O f6 7. Bf4 Ne7 8. Bg3
Qb6 9. b3 Ng6 10. c4 fxe5 11. dxe5 Be7 12. cxd5 cxd5 13. Nc3 O-O 14. h3 Rad8
15. Bd3 Bxd3 16. Qxd3 Nf4 17. Bxf4 Rxf4 18. Kh1 Kh8 19. Qe3 Rdf8 20. Qxb6 axb6
21. Ne2 Re4 22. Ng3 Rb4 23. Rac1 1/2-1/2

[Event "25th North American Open"]
[Site "Las Vegas"]
[Date "2015.12.27"]
[Round "4"]
[White "Wang, Michael"]
[Black "Barbosa, Oliver"]
[Result "0-1"]
[WhiteElo "2083"]
[BlackElo "2518"]
[PlyCount "122"]
[EventDate "2015.12.??"]
[EventType "swiss"]
[EventRounds "9"]
[EventCountry "USA"]
[Source "MonRoi"]

1. e4 e5 2. Nf3 Nc6 3. Bb5 Nf6 4. O-O Nxe4 5. d4 Nd6 6. Bxc6 dxc6 7. dxe5 Nf5
8. Qxd8+ Kxd8 9. Nc3 h6 10. h3 Bd7 11. b3 a5 12. a4 Kc8 13. Rd1 b6 14. Ba3 Bxa3
15. Rxa3 Ne7 16. Raa1 Re8 17. Rd2 c5 18. Re1 Ng6 19. Nd5 Bc6 20. c4 Kb7 21. Kh2
Rad8 22. Kg3 Rd7 23. h4 Nf8 24. h5 Rdd8 25. Re3 Bd7 26. Nh4 Bc8 27. Rde2 Be6
28. Nc3 Rd4 29. f4 g5 30. hxg6 Nxg6 31. Nxg6 Rg8 32. Re4 Rxg6+ 33. Kf2 Rd8 34.
R4e3 h5 35. Ne4 Rd4 36. Rd2 Rg4 37. Kf3 Rxd2 38. Nxd2 Bd7 39. Ne4 Bc6 40. g3
Rg8 41. Kf2 Rg6 42. Ng5 f6 43. exf6 Rxf6 44. Re6 Rxe6 45. Nxe6 Be4 46. Ng7 Bc2
47. Nxh5 Bxb3 48. Ke3 Kc6 49. Kd3 Kd6 50. Nf6 Bxa4 51. Nd5 Bd7 52. Ne3 c6 53.
Kc3 b5 54. Nd1 a4 55. Nf2 Kc7 56. Nd3 Kd6 57. Ne5 Bf5 58. g4 Be4 59. Kb2 Ke6
60. Ka2 bxc4 61. Nxc4 Bd5 0-1

[Event "25th North American Open"]
[Site "Las Vegas"]
[Date "2015.12.27"]
[Round "4"]
[White "Jinshi, Bai"]
[Black "Landaw, Julian"]
[Result "1-0"]
[WhiteElo "2502"]
[BlackElo "2340"]
[PlyCount "59"]
[EventDate "2015.12.??"]
[EventType "swiss"]
[EventRounds "9"]
[EventCountry "USA"]
[Source "MonRoi"]

1. Nf3 Nf6 2. c4 e6 3. g3 b6 4. Bg2 Bb7 5. d4 Be7 6. O-O O-O 7. Nc3 Ne4 8. Bd2
f5 9. Qc2 Bf6 10. Rad1 Qc8 11. d5 Nxd2 12. Rxd2 c6 13. dxe6 dxe6 14. e4 Na6 15.
Rfd1 Nc5 16. e5 Be7 17. b4 Na6 18. a3 Nb8 19. Nd4 Re8 20. Qb3 Bf8 21. c5 Kh8
22. Na4 b5 23. Nc3 a5 24. Nce2 g5 25. h3 Ra7 26. Nxe6 Qxe6 27. Qxe6 Rxe6 28.
Rd8 Kg7 29. Rxb8 Rxe5 30. Nd4 1-0

[Event "25th North American Open"]
[Site "Las Vegas"]
[Date "2015.12.27"]
[Round "4"]
[White "Yang, Darwin"]
[Black "Lin, Dachey"]
[Result "1-0"]
[WhiteElo "2473"]
[BlackElo "2281"]
[PlyCount "55"]
[EventDate "2015.12.??"]
[EventType "swiss"]
[EventRounds "9"]
[EventCountry "USA"]
[Source "MonRoi"]

1. d4 e6 2. c4 f5 3. g3 Nf6 4. Bg2 d5 5. Nh3 c6 6. Qc2 Bd6 7. O-O O-O 8. Bf4
Bxf4 9. Nxf4 Qe7 10. Nd2 Ne4 11. Nxe4 dxe4 12. f3 c5 13. fxe4 cxd4 14. exf5
exf5 15. Nd5 Qf7 16. e3 dxe3 17. Rae1 Nc6 18. Rxe3 Kh8 19. Rfe1 Be6 20. Qc3
Rae8 21. b4 Bd7 22. b5 Nb8 23. Re7 Qg6 24. Nf4 Qh6 25. Bxb7 Rg8 26. Bd5 Rxe7
27. Rxe7 Qd6 28. Qe5 1-0

[Event "25th North American Open"]
[Site "Las Vegas"]
[Date "2015.12.27"]
[Round "4"]
[White "Velikanov, Alexander"]
[Black "Kiewra, Keaton"]
[Result "1-0"]
[WhiteElo "2324"]
[BlackElo "2444"]
[PlyCount "165"]
[EventDate "2015.12.??"]
[EventType "swiss"]
[EventRounds "9"]
[EventCountry "USA"]
[Source "MonRoi"]

1. d4 Nf6 2. Nf3 d5 3. c4 e6 4. Nc3 Be7 5. Bg5 h6 6. Bh4 O-O 7. e3 Ne4 8. Bxe7
Qxe7 9. Rc1 c6 10. g4 Nd7 11. h4 c5 12. cxd5 Nxc3 13. Rxc3 exd5 14. g5 h5 15.
Bg2 g6 16. dxc5 Nxc5 17. Qxd5 Na4 18. Rc1 Rd8 19. Qb5 Bd7 20. Qb3 Nb6 21. O-O
Bc6 22. a3 Rd6 23. Qc3 Rad8 24. Qe5 Qd7 25. Qg3 Qf5 26. b4 Rd3 27. Rc5 Qe6 28.
b5 Be8 29. Qe5 Qg4 30. Rc7 R3d5 31. Qe7 Nc8 32. Qf6 R5d6 33. Qc3 Rd3 34. Qf6
R3d6 35. Qc3 Rd3 36. Qc1 Rb3 37. Nd4 Rd3 38. f3 Qxh4 39. Rxc8 Rxc8 40. Qxc8
Rxe3 41. f4 Qg3 42. f5 Re7 43. fxg6 fxg6 44. Nf3 Kh7 45. Qc4 Bd7 46. Qc5 Rg7
47. Qe5 Qxe5 48. Nxe5 Bxb5 49. Rf6 Be8 50. Re6 Bb5 51. Be4 Rc7 52. Rxg6 Rc1+
53. Kh2 Re1 54. Rb6+ Rxe4 55. Rxb7+ Kg8 56. Rxb5 Ra4 57. Kh3 a6 58. Rb8+ Kg7
59. Rb7+ Kg8 60. Re7 Kf8 61. Re6 Kg7 62. Kg3 Re4 63. Kf3 Ra4 64. Rg6+ Kf8 65.
Rh6 Kg7 66. Rxh5 Rxa3+ 67. Kf4 Ra1 68. Rh3 a5 69. Rc3 Rf1+ 70. Nf3 Rb1 71. Rc7+
Kg8 72. Ra7 Ra1 73. Ne5 a4 74. Kf5 a3 75. Kg6 Kf8 76. Nd7+ Ke7 77. Nf6+ Kd6 78.
Kf7 Kc5 79. g6 Kb4 80. g7 Rg1 81. g8=Q Rxg8 82. Kxg8 Kb3 83. Nd5 1-0

[Event "25th North American Open"]
[Site "Las Vegas"]
[Date "2015.12.27"]
[Round "4"]
[White "Checa, Nicolas"]
[Black "Haessel, Dale"]
[Result "1-0"]
[WhiteElo "2419"]
[BlackElo "2262"]
[PlyCount "69"]
[EventDate "2015.12.??"]
[EventType "swiss"]
[EventRounds "9"]
[EventCountry "USA"]
[Source "MonRoi"]

1. d4 Nf6 2. c4 g6 3. Nc3 d5 4. Nf3 Bg7 5. Qb3 dxc4 6. Qxc4 O-O 7. e4 Bg4 8.
Be3 Nfd7 9. Rd1 Nb6 10. Qb3 Nc6 11. d5 Ne5 12. Be2 Nxf3+ 13. gxf3 Bh5 14. Rg1
Qc8 15. Rg3 c6 16. a4 Qc7 17. dxc6 bxc6 18. a5 Nc8 19. Qa3 Rb8 20. Bd4 Bh6 21.
Qc5 Bf4 22. Rg2 g5 23. Rxg5+ Bxg5 24. Qxg5+ Bg6 25. h4 f6 26. Qc5 e5 27. Nd5
Qg7 28. Nxf6+ Qxf6 29. Bxe5 Qe7 30. Bc4+ Bf7 31. Bxf7+ Kxf7 32. Qc4+ Kg6 33.
Bxb8 Kh5 34. e5 Rxf3 35. Qe4 1-0

[Event "25th North American Open"]
[Site "Las Vegas"]
[Date "2015.12.27"]
[Round "4"]
[White "Liang, Awonder"]
[Black "Yanayt, Eugene"]
[Result "1-0"]
[WhiteElo "2383"]
[BlackElo "2213"]
[PlyCount "61"]
[EventDate "2015.12.??"]
[EventType "swiss"]
[EventRounds "9"]
[EventCountry "USA"]
[Source "MonRoi"]

1. e4 c5 2. Nf3 d6 3. d4 cxd4 4. Nxd4 Nf6 5. Nc3 a6 6. Bg5 e6 7. f4 h6 8. Bh4
Qb6 9. a3 Be7 10. Bf2 Qc7 11. Bd3 b5 12. Qe2 Bb7 13. O-O-O Nbd7 14. Kb1 Rc8 15.
g4 g5 16. h4 Rg8 17. hxg5 hxg5 18. fxg5 Rxg5 19. Rh8+ Nf8 20. Bh4 Rg7 21. Bxb5+
axb5 22. Bxf6 Bxf6 23. Ndxb5 Qb8 24. Nxd6+ Ke7 25. e5 Bg5 26. Nxc8+ Qxc8 27.
Qb5 Be3 28. Qb4+ Bc5 29. Qf4 Rg6 30. Rf1 Qe8 31. Na4 1-0

[Event "25th North American Open"]
[Site "Las Vegas"]
[Date "2015.12.27"]
[Round "4"]
[White "Colas, Joshua"]
[Black "Wang, Jue"]
[Result "1-0"]
[WhiteElo "2245"]
[BlackElo "2364"]
[PlyCount "75"]
[EventDate "2015.12.??"]
[EventType "swiss"]
[EventRounds "9"]
[EventCountry "USA"]
[Source "MonRoi"]

1. d4 d6 2. c4 e5 3. Nf3 e4 4. Ng5 f5 5. Nc3 Be7 6. Nh3 Nf6 7. e3 O-O 8. Be2 c6
9. O-O Kh8 10. Bd2 a6 11. Qb3 Ra7 12. f3 exf3 13. Bxf3 Be6 14. Be2 Qd7 15. Qc2
d5 16. Nf4 Ne4 17. Nxe4 dxe4 18. c5 Bd5 19. g4 fxg4 20. Qd1 Bf6 21. Bxg4 Qf7
22. Rf2 Nd7 23. Nxd5 cxd5 24. Qb3 Nb8 25. Rf5 Rd8 26. Ba5 Rd7 27. Rf2 Re7 28.
Bd8 Re8 29. Bxf6 gxf6 30. Raf1 Rg8 31. h3 Nd7 32. Kh2 Nf8 33. Qb6 Ra8 34. Rxf6
Qg7 35. Rf7 Qg5 36. R1f5 Qh4 37. Rh5 Qd8 38. Qh6 1-0

[Event "25th North American Open"]
[Site "Las Vegas"]
[Date "2015.12.27"]
[Round "4"]
[White "Kavutskiy, Konstantin"]
[Black "Markzon, Gregory"]
[Result "1-0"]
[WhiteElo "2360"]
[BlackElo "2198"]
[PlyCount "89"]
[EventDate "2015.12.??"]
[EventType "swiss"]
[EventRounds "9"]
[EventCountry "USA"]
[Source "MonRoi"]

1. d4 Nf6 2. c4 g6 3. Nc3 Bg7 4. e4 d6 5. f3 O-O 6. Nge2 a6 7. Be3 Nbd7 8. Nc1
c6 9. Be2 e5 10. d5 cxd5 11. cxd5 Nh5 12. Nd3 f5 13. Qd2 Ndf6 14. Bg5 Qe8 15.
O-O-O Bd7 16. Kb1 Rc8 17. Nf2 Kh8 18. Bd3 Qd8 19. exf5 gxf5 20. g4 fxg4 21.
Nxg4 Rxc3 22. Qxc3 e4 23. Nxf6 Nxf6 24. Bxe4 Qe8 25. Bxf6 Rxf6 26. Rhg1 Qe7 27.
Rde1 Qd8 28. Rxg7 Kxg7 29. Rg1+ Kh8 30. Rg5 Be8 31. Rf5 Kg7 32. Rxf6 Qxf6 33.
Qxf6+ Kxf6 34. Bxh7 Ke5 35. Be4 Kd4 36. Kc2 a5 37. Kd2 b5 38. h4 b4 39. Bf5
Kxd5 40. Ke3 a4 41. f4 a3 42. bxa3 bxa3 43. Bg4 Bg6 44. h5 Bh7 45. Bf3+ 1-0

[Event "25th North American Open"]
[Site "Las Vegas"]
[Date "2015.12.27"]
[Round "4"]
[White "Wang, Chen"]
[Black "Feng, Roland"]
[Result "1-0"]
[WhiteElo "2530"]
[BlackElo "2327"]
[PlyCount "91"]
[EventDate "2015.12.??"]
[EventType "swiss"]
[EventRounds "9"]
[EventCountry "USA"]
[Source "MonRoi"]

1. e4 e6 2. Qe2 Be7 3. g3 d5 4. e5 Nh6 5. Nf3 c5 6. Bg2 Nc6 7. O-O Nf5 8. d3
Qc7 9. c3 b6 10. g4 Nh6 11. h3 Bb7 12. Re1 O-O-O 13. Nbd2 Rhe8 14. Nf1 Kb8 15.
Ng3 Ng8 16. Nh5 Bf8 17. Nf4 h6 18. Bd2 g5 19. Nh5 f6 20. d4 fxe5 21. Nxe5 Bd6
22. f4 cxd4 23. Nxc6+ Bxc6 24. cxd4 gxf4 25. Qf3 e5 26. dxe5 Rxe5 27. Rxe5 Bxe5
28. Bxf4 Bxf4 29. Qxf4 Qxf4 30. Nxf4 Nf6 31. Ne6 Rg8 32. Rf1 Ne4 33. Rf7 Be8
34. Re7 Nf6 35. Nf4 Bb5 36. Rf7 Ne4 37. Nxd5 Ng5 38. Rf6 Bc4 39. Nc3 b5 40. b3
b4 41. Na4 Bd3 42. Nc5 Bb1 43. Rc6 a5 44. Nd7+ Ka7 45. Rc7+ Ka6 46. Bf1+ 1-0

[Event "25th North American Open"]
[Site "Las Vegas"]
[Date "2015.12.27"]
[Round "4"]
[White "Williams, Justus"]
[Black "Sevillano, Enrico"]
[Result "0-1"]
[WhiteElo "2310"]
[BlackElo "2470"]
[PlyCount "74"]
[EventDate "2015.12.??"]
[EventType "swiss"]
[EventRounds "9"]
[EventCountry "USA"]
[Source "MonRoi"]

1. Nf3 d5 2. c4 c6 3. Qc2 Nf6 4. g3 dxc4 5. Qxc4 Bf5 6. Nc3 Nbd7 7. Bg2 e5 8.
O-O Bd6 9. d4 O-O 10. Qb3 exd4 11. Nxd4 Nc5 12. Qd1 Bg6 13. Bg5 h6 14. Be3 Ng4
15. Bf4 Bxf4 16. gxf4 Re8 17. e3 Qh4 18. h3 Nf6 19. Nf3 Qh5 20. Ne5 Rad8 21.
Qxh5 Bxh5 22. Bf3 Bxf3 23. Nxf3 Nd5 24. Ne2 Ne4 25. Rfd1 c5 26. Kg2 Nb4 27. Ne5
f6 28. Nd7 c4 29. f3 Nc2 30. fxe4 Nxa1 31. Nxf6+ gxf6 32. Rxa1 Rxe4 33. Kf2 Rd3
34. Rg1+ Kf7 35. Rg3 Re8 36. Nd4 Rd2+ 37. Ke1 Rxd4 0-1

[Event "25th North American Open"]
[Site "Las Vegas"]
[Date "2015.12.27"]
[Round "4"]
[White "Zhu, Jack"]
[Black "Matikozyan, Andranik"]
[Result "1/2-1/2"]
[WhiteElo "2282"]
[BlackElo "2427"]
[PlyCount "70"]
[EventDate "2015.12.??"]
[EventType "swiss"]
[EventRounds "9"]
[EventCountry "USA"]
[Source "MonRoi"]

1. e4 c5 2. Nf3 d6 3. d4 cxd4 4. Nxd4 Nf6 5. Nc3 a6 6. Bc4 e6 7. Bb3 b5 8. O-O
Be7 9. Qf3 Qb6 10. Be3 Qb7 11. Qg3 b4 12. Na4 Nbd7 13. f3 O-O 14. Rac1 Ne5 15.
Ne2 a5 16. c4 bxc3 17. Rxc3 Qa6 18. Nf4 Rb8 19. Nh3 Rb4 20. a3 Rxb3 21. Rxb3
Qc4 22. Nc5 Nh5 23. Qf2 dxc5 24. Rc3 Qa6 25. Bxc5 Nd3 26. Rxd3 Bxc5 27. Qxc5
Qxd3 28. Nf2 Qd2 29. Qxh5 f5 30. exf5 exf5 31. Qh4 Qxb2 32. Qc4+ Kh8 33. Qc5
Re8 34. Qxa5 h6 35. Rd1 Kh7 1/2-1/2

[Event "25th North American Open"]
[Site "Las Vegas"]
[Date "2015.12.27"]
[Round "4"]
[White "Aldama, Dionisio"]
[Black "Taghizadeh, Rayan"]
[Result "1-0"]
[WhiteElo "2388"]
[BlackElo "2259"]
[PlyCount "81"]
[EventDate "2015.12.??"]
[EventType "swiss"]
[EventRounds "9"]
[EventCountry "USA"]
[Source "MonRoi"]

1. e4 e5 2. Nf3 Nc6 3. Bb5 a6 4. Ba4 Nf6 5. O-O Be7 6. Re1 b5 7. Bb3 O-O 8. h3
d6 9. c3 Na5 10. Bc2 c5 11. d4 Qc7 12. Nbd2 cxd4 13. cxd4 Rd8 14. d5 Bd7 15.
Nf1 Rdc8 16. Bd3 Nb7 17. Bg5 Nc5 18. Bb1 h6 19. Bd2 Bf8 20. Ng3 Na4 21. Bc1 a5
22. Nh2 g6 23. Bd3 Qd8 24. Qe2 Rab8 25. f4 exf4 26. Bxf4 Bg7 27. Rf1 Qe7 28.
Rae1 Ne8 29. b3 Nc5 30. Bb1 b4 31. Rf3 Nc7 32. Qf2 Nb5 33. Nf5 Qf8 34. Nxg7
Qxg7 35. e5 Re8 36. e6 Nxe6 37. dxe6 Bxe6 38. Rfe3 g5 39. Bg3 Bd7 40. Ng4 Bxg4
41. hxg4 1-0

[Event "25th North American Open"]
[Site "Las Vegas"]
[Date "2015.12.27"]
[Round "4"]
[White "Inapuri, Ramya"]
[Black "Ginsburg, Mark"]
[Result "1/2-1/2"]
[WhiteElo "2131"]
[BlackElo "2358"]
[PlyCount "49"]
[EventDate "2015.12.??"]
[EventType "swiss"]
[EventRounds "9"]
[EventCountry "USA"]
[Source "MonRoi"]

1. d4 g6 2. g3 Bg7 3. Bg2 Nf6 4. e4 d6 5. Ne2 O-O 6. O-O Nbd7 7. c4 c5 8. d5 b5
9. cxb5 a6 10. Nbc3 axb5 11. Nxb5 Ba6 12. Nec3 Ne5 13. a4 Qa5 14. Bf4 Nfd7 15.
Bg5 Rfe8 16. Qe2 Nb6 17. Rfc1 Qb4 18. Qc2 Bxb5 19. axb5 Nec4 20. Rxa8 Rxa8 21.
Bxe7 Re8 22. Bg5 Qxb2 23. Qxb2 Nxb2 24. Nd1 Nd3 25. Rb1 1/2-1/2

[Event "25th North American Open"]
[Site "Las Vegas"]
[Date "2015.12.28"]
[Round "5"]
[White "Tang, Andrew"]
[Black "Zhou, Jianchao"]
[Result "1/2-1/2"]
[WhiteElo "2416"]
[BlackElo "2606"]
[PlyCount "92"]
[EventDate "2015.12.??"]
[EventType "swiss"]
[EventRounds "9"]
[EventCountry "USA"]
[Source "MonRoi"]

1. d4 Nf6 2. c4 e6 3. Nc3 Bb4 4. Qc2 d5 5. cxd5 Qxd5 6. Nf3 Qf5 7. Qb3 Nc6 8.
Bd2 O-O 9. h3 a5 10. a3 a4 11. Qd1 Bxc3 12. Bxc3 Rd8 13. e3 e5 14. Bd3 e4 15.
Bc2 Qg6 16. g3 Nd5 17. g4 Re8 18. Nd2 b5 19. Nf1 f5 20. gxf5 Bxf5 21. Qd2 Qd6
22. Ng3 Bg6 23. h4 h5 24. Bd1 b4 25. axb4 Ncxb4 26. Bxb4 Nxb4 27. O-O Rf8 28.
Bxa4 Rab8 29. Bb3+ Kh7 30. Bc4 c5 31. Rad1 Nd3 32. dxc5 Qxc5 33. Bxd3 exd3 34.
f4 Rb3 35. Rc1 Qb5 36. Rf2 Qd7 37. f5 Rxf5 38. Nxf5 Bxf5 39. Rc5 Bg6 40. Rg5
Rb6 41. Rfg2 Rc6 42. Qe1 Rd6 43. Rd2 Re6 44. Rdg2 Rd6 45. Rd2 Re6 46. Rdg2 Rd6
1/2-1/2

[Event "25th North American Open"]
[Site "Las Vegas"]
[Date "2015.12.28"]
[Round "5"]
[White "Barbosa, Oliver"]
[Black "Wheeler, Cameron"]
[Result "1-0"]
[WhiteElo "2518"]
[BlackElo "2369"]
[PlyCount "53"]
[EventDate "2015.12.??"]
[EventType "swiss"]
[EventRounds "9"]
[EventCountry "USA"]
[Source "MonRoi"]

1. d4 Nf6 2. Bg5 Ne4 3. Bf4 c5 4. d5 Qb6 5. Nd2 Qxb2 6. Nxe4 Qb4+ 7. c3 Qxe4 8.
e3 g5 9. Bg3 Bg7 10. Rc1 h5 11. h4 g4 12. Ne2 b5 13. Qb3 Qa4 14. Qb1 Na6 15. f3
gxf3 16. gxf3 Bb7 17. e4 b4 18. Rg1 Bh6 19. Bf4 Bxf4 20. Nxf4 d6 21. Rg7 Rb8
22. e5 dxe5 23. Qf5 Rf8 24. Ng6 Bxd5 25. Qxe5 Qd7 26. Nxf8 Kxf8 27. Rg5 1-0